000 00259nam a2200097Ia 4500
008 240331s9999 xx 000 0 und d
082 _bWAN
100 _aWang, O.N.C.
245 0 _aFantastic modernity :
_bdialectical readings in romanticism and theory
942 _cL
999 _c3148
_d3148